Sport: Wer oder was ist größer? (10x Multiple Choice) - Statistiken

Allgemein
  • Dieses Quiz wurde 431 mal gespielt
    419 seit der letzten Aktualisierung
  • Das Durchschnittsergebnis liegt bei 6 aus 10
Antwortstatistiken
Frage Antwort % Korrekt
„FCB“: Allianz-Arena oder Camp Nou? (mehr Zuschauerplätze) Camp Nou in Barcelona
88%
Was ist größer? Tennisball oder Baseball? Baseball
75%
Fußball: Welcher ist größer? WM-Pokal oder DFB-Pokal? DFB-Pokal
71%
Adidas oder Nike? Nike
70%
Sportverband, mehr Mitglieder: DTB, DTB oder DTTB? Deutscher Turner-Bund
68%
Spielfeldgröße: Fußball oder Football? Fußball
55%
...oder spielen Sie schon Golf? …Eisen 7 oder Eisen 8? (Schlägerlänge) Eisen 7
52%
Box-Ikonen: Wladimir oder Vitali? Vitali Klitschko
43%
Wer ist der Größte? Muhammad Ali
38%
Welche sind höher? Kegel-Kegel oder Bowling Pin? Kegel-Pin
23%
Keine übereinstimmenden Quizze gefunden
Verteilung der Resultate
Anzahl Personen mit jedem Resultat
Perzentil nach korrekt beantworteten Fragen
Ihre Resultats-Entwicklung
Sie haben dieses Quiz seit der letzten Aktualisierung nicht gespielt